| 000 | 00582nam a2200205 u 4500 | ||
|---|---|---|---|
| 005 | 20230204063942.0 | ||
| 008 | 100812s2004 r 000 0 eng d | ||
| 020 | _a8496231186 | ||
| 035 | _aUPN01000177340 | ||
| 049 | _aCG | ||
| 050 | 4 |
_aTD170 _bA7.3 |
|
| 100 | 1 | _aAraújo, Joaquín | |
| 245 | 1 | 3 |
_aLa ecología contada con sencillez / _cJoaquín Araújo. |
| 260 |
_aMadrid : _bMaeva, _c2004. |
||
| 300 | _a143 p. | ||
| 440 | 0 | _aContado con sencillez | |
| 650 | 4 |
_aProtección del medio ambiente _96588 |
|
| 650 | 4 |
_aECOLOGIA - _xESTUDIO Y ENSEÑANZA _912772 |
|
| 905 | _aLibro | ||
| 999 |
_c149443 _d149443 |
||